000 00518cam a2200205ua 4500
001 9943
005 20260515114540.0
008 170116n ii |||gr||||Z||||||asm
020 _a9789382726142
040 _cMAIN
041 _aasm
082 _a891.451
100 _aSaikia, Nitumoni,
_eAuthor.
245 _aHomen borgohainr soite kotha barta :
_bV. 1 /
_cBy Nitumoni Saikia .
250 _a2nd ed.
260 _aGuwahati:
_bAank baak,
_c2013.
300 _a269p.
653 _aAsamiya prabandha
942 _cBK
999 _c8942
_d8942